|
|
|
|
| LEADER |
01513nam a2200373Ia 4500 |
| 001 |
EBC1114611 |
| 003 |
MiAaPQ |
| 005 |
20200520144314.0 |
| 006 |
m o d | |
| 007 |
cr cn||||||||| |
| 008 |
130128s2013 dcua sb i000 0 eng d |
| 020 |
|
|
|z 9780821397992
|
| 020 |
|
|
|z 9780821398005
|
| 035 |
|
|
|a (MiAaPQ)EBC1114611
|
| 035 |
|
|
|a (Au-PeEL)EBL1114611
|
| 035 |
|
|
|a (CaPaEBR)ebr10644882
|
| 035 |
|
|
|a (CaONFJC)MIL428359
|
| 035 |
|
|
|a (OCoLC)827209069
|
| 040 |
|
|
|a MiAaPQ
|c MiAaPQ
|d MiAaPQ
|
| 050 |
|
4 |
|a HC1075.L52
|b L53 2013
|
| 245 |
0 |
0 |
|a Liberia Country Program Evaluation 2004-2011
|h [electronic resource] :
|b evaluation of the World Bank Group Program /
|c World Bank Independent Evaluation Group, IEG.
|
| 260 |
|
|
|a Washington, D.C. :
|b World Bank,
|c c2013.
|
| 300 |
|
|
|a xxxvii, 177 p. :
|b ill.
|
| 500 |
|
|
|a "IEG--Independent Evaluation Group-- World Bank, IFC, MIGA".
|
| 504 |
|
|
|a Includes bibliographical references.
|
| 533 |
|
|
|a Electronic reproduction. Ann Arbor, MI : ProQuest, 2015. Available via World Wide Web. Access may be limited to ProQuest affiliated libraries.
|
| 610 |
2 |
0 |
|a World Bank (Liberia)
|
| 650 |
|
0 |
|a Economic development projects
|x Evaluation.
|
| 651 |
|
0 |
|a Liberia
|x Economic conditions
|y 21st century.
|
| 651 |
|
0 |
|a Liberia
|x Economic policy.
|
| 655 |
|
4 |
|a Electronic books.
|
| 710 |
2 |
|
|a World Bank.
|b Independent Evaluation Group.
|
| 710 |
2 |
|
|a ProQuest (Firm)
|
| 856 |
4 |
0 |
|u https://ebookcentral.proquest.com/lib/matrademy/detail.action?docID=1114611
|z Click to View
|